Statistiques concernant De quel pays provient ces chars ?

Cliquez ici pour prendre le quiz!

Statistiques générales

  • Ce quiz a été pris 125 fois
  • Le résultat moyen est 6 sur 10

Statistiques - réponses

Réponse% Correct
États-unis d'Amérique
78%
France
74%
Russie
74%
Allemagne
71%
Union Soviétique
69%
Chine
66%
Royaume Uni
56%
Inde
29%
Allemagne Nazie
26%
Iran
24%

Distribution des résultats

Percentile par nombre de réponses

% des personnes avec chaque résultat

Votre développement - résultats

Vous n’avez pas pris ce quiz